00737nam a2200229 a 450000100060000000300080000600500170001400800410003103500190007204000420009104100080013308200240014110000250016524501060019025000110029626000400030730000340034750000210038150400290040265000230043183000530045419382BD-RjUL20211209000426.0140224s1979 ii a b 001 0 eng d a(BD-RjUL)19442 aDMMcDMMdHAMdOCLdEQOdBD-RjULbeng aeng00a331.06242bSCI 19791 aSchneider, Eugene V.10aIndustrial sociology :bthe social relations of industry and the community /cby Eugene V. Schneider a2n ed. aNew Delhi :bTataMcGraw-Hill,c1979 axii, 637 p. :billus ;c20 cm aIncludes indexes aBibliography: p. 501-535 0aIndustrial society 0aMcGraw-Hill series in sociology and anthropology